[Event "Greek Team Cup Final 8"]
[Site "chess24.com"]
[Date "2017.07.01"]
[Round "1"]
[White "Mitsis, Georgios"]
[Black "Stamatopoulos, Apostolos"]
[Result "1-0"]
[Board "3"]
[WhiteElo "2278"]
[WhiteCountry "GRE"]
[WhiteFideId "4295676"]
[WhiteEloChange "2"]
[BlackElo "1808"]
[BlackCountry "GRE"]
[BlackFideId "4238311"]
[BlackEloChange "-2"]

1. d4 {[%clk 1:30:56]} Nf6 {[%clk 1:30:53]} 2. c4 {[%clk 1:30:48]} e6 {[%clk
1:31:08]} 3. Nf3 {[%clk 1:30:15]} Bb4+ {[%clk 1:31:08]} 4. Nbd2 {[%clk 1:30:35]}
b6 {[%clk 1:30:49]} 5. e3 {[%clk 1:30:48]} Bb7 {[%clk 1:29:29]} 6. Bd3 {[%clk
1:30:43]} Bxd2+ {[%clk 1:23:03]} 7. Qxd2 {[%clk 1:27:26]} Ne4 {[%clk 1:21:15]} 8.
Qc2 {[%clk 1:26:40]} f5 {[%clk 1:21:09]} 9. b3 {[%clk 1:24:05]} O-O {[%clk
1:18:46]} 10. Bb2 {[%clk 1:24:28]} d6 {[%clk 1:17:28]} 11. O-O-O {[%clk 1:21:15]}
Nd7 {[%clk 1:12:41]} 12. Ne1 {[%clk 1:14:35]} Qe7 {[%clk 1:03:39]} 13. f3 {[%clk
1:11:17]} Nef6 {[%clk 0:57:19]} 14. Qe2 {[%clk 1:06:48]} a5 {[%clk 0:54:09]} 15.
Nc2 {[%clk 1:03:31]} a4 {[%clk 0:48:29]} 16. b4 {[%clk 1:00:57]} a3 {[%clk
0:42:29]} 17. Ba1 {[%clk 0:58:11]} c5 {[%clk 0:38:25]} 18. e4 {[%clk 0:43:22]}
fxe4 {[%clk 0:33:50]} 19. fxe4 {[%clk 0:43:28]} cxb4 {[%clk 0:28:20]} 20. e5
{[%clk 0:38:11]} dxe5 {[%clk 0:28:36]} 21. dxe5 {[%clk 0:38:36]} Ne8 {[%clk
0:24:03]} 22. Bxh7+ {[%clk 0:31:54]} Kxh7 {[%clk 0:24:31]} 23. Qd3+ {[%clk
0:32:10]} Kh8 {[%clk 0:17:50]} 24. Qxd7 {[%clk 0:32:17]} Qg5+ {[%clk 0:17:43]}
25. Qd2 {[%clk 0:28:28]} Qxg2 {[%clk 0:15:12]} 26. Qxg2 {[%clk 0:19:45]} Bxg2
{[%clk 0:15:41]} 27. Rhg1 {[%clk 0:20:09]} Rf2 {[%clk 0:15:23]} 28. Bd4 {[%clk
0:20:15]} Re2 {[%clk 0:14:40]} 29. Rd2 {[%clk 0:18:17]} Bf3 {[%clk 0:11:52]} 30.
Rg3 {[%clk 0:16:08]} Rxd2 {[%clk 0:08:46]} 31. Kxd2 {[%clk 0:16:18]} Be4 {[%clk
0:05:32]} 32. Nxb4 {[%clk 0:16:28]} Rc8 {[%clk 0:04:57]} 33. Rc3 {[%clk 0:15:51]}
Rb8 {[%clk 0:03:54]} 34. Rxa3 {[%clk 0:16:01]} b5 {[%clk 0:02:09]} 35. Na6 {[%clk
0:12:11]} Ra8 {[%clk 0:02:14]} 36. cxb5 {[%clk 0:12:33]} Nc7 {[%clk 0:02:23]} 37.
Rh3+ {[%clk 0:12:50]} Kg8 {[%clk 0:02:27]} 38. Nxc7 {[%clk 0:12:36]} Rxa2+ {[%clk
0:02:49]} 39. Ke1 {[%clk 0:13:03]} Ra4 {[%clk 0:01:54]} 40. Bc3 {[%clk 0:42:10]}
Rc4 {[%clk 0:31:25]} 41. Ne8 {[%clk 0:42:30]} Rc5 {[%clk 0:30:08]} 42. Nd6 {[%clk
0:42:54]} Bd5 {[%clk 0:30:03]} 43. Kd2 {[%clk 0:42:44]} Bc4 {[%clk 0:28:41]} 44.
b6 {[%clk 0:42:48]} 1-0

[Event "Greek Team Cup Final 8"]
[Site "chess24.com"]
[Date "2017.07.01"]
[Round "1"]
[White "Alexopoulos, Alexandros"]
[Black "Papahristoudis, Anastasios"]
[Result "0-1"]
[Board "4"]
[WhiteElo "1610"]
[WhiteCountry "GRE"]
[WhiteFideId "25806017"]
[WhiteEloChange "-2"]
[BlackElo "2094"]
[BlackCountry "GRE"]
[BlackFideId "4210069"]
[BlackEloChange "2"]

1. d4 {[%clk 1:30:54]} d5 {[%clk 1:30:53]} 2. Bf4 {[%clk 1:30:58]} Nf6 {[%clk
1:30:21]} 3. Nf3 {[%clk 1:31:02]} e6 {[%clk 1:29:22]} 4. e3 {[%clk 1:31:22]} c5
{[%clk 1:28:51]} 5. c3 {[%clk 1:30:16]} Nc6 {[%clk 1:27:14]} 6. Nbd2 {[%clk
1:28:43]} cxd4 {[%clk 1:25:43]} 7. exd4 {[%clk 1:25:38]} Nh5 {[%clk 1:24:57]} 8.
Bg5 {[%clk 1:21:00]} f6 {[%clk 1:19:53]} 9. Bh4 {[%clk 1:10:26]} Bd6 {[%clk
1:13:22]} 10. Bb5 {[%clk 1:01:39]} Qc7 {[%clk 1:02:02]} 11. Bg3 {[%clk 0:50:46]}
Nf4 {[%clk 0:45:52]} 12. Bxf4 {[%clk 0:43:33]} Bxf4 {[%clk 0:45:56]} 13. Qe2
{[%clk 0:37:15]} O-O {[%clk 0:41:36]} 14. O-O {[%clk 0:25:21]} Bd7 {[%clk
0:38:16]} 15. Rfe1 {[%clk 0:17:24]} Rae8 {[%clk 0:35:05]} 16. Nf1 {[%clk
0:16:02]} e5 {[%clk 0:32:35]} 17. dxe5 {[%clk 0:10:38]} fxe5 {[%clk 0:29:25]} 18.
Ng3 {[%clk 0:06:01]} e4 {[%clk 0:23:54]} 19. Nd4 {[%clk 0:03:48]} e3 {[%clk
0:22:20]} 20. f3 {[%clk 0:02:17]} Bxg3 {[%clk 0:21:00]} 21. hxg3 {[%clk 0:02:46]}
Qxg3 {[%clk 0:21:12]} 22. Rad1 {[%clk 0:01:51]} Rf6 {[%clk 0:20:46]} 23. Bxc6
{[%clk 0:00:44]} bxc6 {[%clk 0:16:12]} 24. Qc2 {[%clk 0:01:12]} Rh6 {[%clk
0:14:46]} 25. Rd3 {[%clk 0:00:42]} 0-1

[Event "Greek Team Cup Final 8"]
[Site "chess24.com"]
[Date "2017.07.01"]
[Round "1"]
[White "Galopoulos, Nikolaos"]
[Black "Moutousis, Konstantinos"]
[Result "1/2-1/2"]
[Board "1"]
[WhiteElo "2369"]
[WhiteCountry "GRE"]
[WhiteFideId "4208951"]
[WhiteEloChange "1"]
[BlackElo "2413"]
[BlackTitle "IM"]
[BlackCountry "GRE"]
[BlackFideId "4200071"]
[BlackEloChange "-1"]

1. d4 {[%clk 1:30:55]} c5 {[%clk 1:27:50]} 2. d5 {[%clk 1:30:21]} Nf6 {[%clk
1:28:08]} 3. Nc3 {[%clk 1:30:40]} d6 {[%clk 1:28:24]} 4. e4 {[%clk 1:31:00]} g6
{[%clk 1:28:51]} 5. Bb5+ {[%clk 1:29:24]} Nfd7 {[%clk 1:29:12]} 6. a4 {[%clk
1:28:08]} Bg7 {[%clk 1:29:36]} 7. Nf3 {[%clk 1:27:34]} Na6 {[%clk 1:29:22]} 8.
O-O {[%clk 1:22:23]} O-O {[%clk 1:28:50]} 9. Nd2 {[%clk 1:18:42]} Nc7 {[%clk
1:25:00]} 10. Be2 {[%clk 1:19:08]} b6 {[%clk 1:15:08]} 11. Nc4 {[%clk 1:11:28]}
Ba6 {[%clk 1:00:39]} 12. Ne3 {[%clk 1:11:52]} Bxe2 {[%clk 0:58:46]} 13. Nxe2
{[%clk 1:12:17]} a6 {[%clk 0:58:55]} 14. Rb1 {[%clk 1:12:44]} b5 {[%clk 0:59:07]}
15. c4 {[%clk 1:02:00]} Nf6 {[%clk 0:47:34]} 16. Qc2 {[%clk 0:58:28]} bxa4 {[%clk
0:43:03]} 17. Ra1 {[%clk 0:39:47]} e6 {[%clk 0:37:57]} 18. Rxa4 {[%clk 0:35:56]}
exd5 {[%clk 0:37:18]} 19. cxd5 {[%clk 0:34:33]} Re8 {[%clk 0:36:54]} 20. Bd2
{[%clk 0:26:00]} Qe7 {[%clk 0:29:05]} 21. f3 {[%clk 0:26:24]} Rab8 {[%clk
0:28:50]} 22. Nc1 {[%clk 0:14:59]} Rb7 {[%clk 0:19:44]} 23. Nc4 {[%clk 0:14:23]}
Nd7 {[%clk 0:19:53]} 24. Nd3 {[%clk 0:13:57]} Nb6 {[%clk 0:17:48]} 25. Nxb6
{[%clk 0:10:29]} Rxb6 {[%clk 0:17:59]} 26. b4 {[%clk 0:10:58]} cxb4 {[%clk
0:17:03]} 27. Nxb4 {[%clk 0:11:15]} f5 {[%clk 0:12:19]} 28. Bc3 {[%clk 0:04:00]}
Nb5 {[%clk 0:03:41]} 29. Bxg7 {[%clk 0:03:57]} Qxg7 {[%clk 0:04:03]} 30. Nc6
{[%clk 0:03:48]} fxe4 {[%clk 0:03:05]} 31. Rxe4 {[%clk 0:04:12]} Rf8 {[%clk
0:03:19]} 32. Re7 {[%clk 0:02:44]} Qf6 {[%clk 0:03:39]} 33. Re6 {[%clk 0:03:01]}
Qg7 {[%clk 0:03:06]} 34. Re7 {[%clk 0:03:18]} Qf6 {[%clk 0:02:46]} 35. Re6 {[%clk
0:02:38]} Qg7 {[%clk 0:01:14]} 36. Re7 {[%clk 0:02:38]} Qf6 {[%clk 0:01:14]} 37.
Re6 {[%clk 0:02:38]} Qg7 {[%clk 0:01:14]} 1/2-1/2

[Event "Greek Team Cup Final 8"]
[Site "chess24.com"]
[Date "2017.07.01"]
[Round "1"]
[White "Mihailidis, Anastasios"]
[Black "Parligras, Mircea-Emilian"]
[Result "0-1"]
[Board "2"]
[WhiteElo "2302"]
[WhiteTitle "FM"]
[WhiteCountry "GRE"]
[WhiteFideId "4205588"]
[WhiteEloChange "-3"]
[BlackElo "2612"]
[BlackTitle "GM"]
[BlackCountry "ROU"]
[BlackFideId "1204297"]
[BlackEloChange "1"]

1. e4 {[%clk 1:30:52]} c5 {[%clk 1:30:49]} 2. Be2 {[%clk 1:30:41]} Nc6 {[%clk
1:30:02]} 3. f4 {[%clk 1:30:50]} d5 {[%clk 1:28:50]} 4. d3 {[%clk 1:31:13]} e6
{[%clk 1:18:18]} 5. Nf3 {[%clk 1:30:46]} Nf6 {[%clk 1:18:30]} 6. e5 {[%clk
1:30:58]} Nd7 {[%clk 1:18:53]} 7. O-O {[%clk 1:30:56]} f6 {[%clk 1:16:22]} 8. Qe1
{[%clk 1:14:44]} Be7 {[%clk 1:16:14]} 9. exf6 {[%clk 1:14:44]} Nxf6 {[%clk
1:14:56]} 10. b3 {[%clk 1:13:24]} O-O {[%clk 1:12:52]} 11. g3 {[%clk 1:04:02]}
Bd6 {[%clk 1:06:18]} 12. Bb2 {[%clk 1:01:15]} d4 {[%clk 1:04:12]} 13. c3 {[%clk
0:52:32]} Nd5 {[%clk 0:50:22]} 14. cxd4 {[%clk 0:46:00]} cxd4 {[%clk 0:50:22]}
15. Kh1 {[%clk 0:45:56]} Ne3 {[%clk 0:49:23]} 16. Nxd4 {[%clk 0:42:18]} Nxd4
{[%clk 0:47:49]} 17. Bxd4 {[%clk 0:42:43]} Nxf1 {[%clk 0:47:56]} 18. Bxf1 {[%clk
0:43:07]} Bxf4 {[%clk 0:42:18]} 19. Bb2 {[%clk 0:43:22]} Be3 {[%clk 0:37:10]} 0-1

[Event "Greek Team Cup Final 8"]
[Site "chess24.com"]
[Date "2017.07.01"]
[Round "1"]
[White "Kesidis, Odyseas"]
[Black "Fragkos, Vasilios"]
[Result "1-0"]
[Board "3"]
[WhiteElo "2202"]
[WhiteCountry "GRE"]
[WhiteFideId "4221796"]
[WhiteEloChange "6"]
[BlackElo "2047"]
[BlackCountry "GRE"]
[BlackFideId "4221141"]
[BlackEloChange "-6"]

1. e4 {[%clk 1:30:56]} c6 {[%clk 1:30:34]} 2. d4 {[%clk 1:31:19]} d5 {[%clk
1:30:47]} 3. Nd2 {[%clk 1:31:40]} dxe4 {[%clk 1:30:50]} 4. Nxe4 {[%clk 1:32:06]}
Bf5 {[%clk 1:30:37]} 5. Ng3 {[%clk 1:32:19]} Bg6 {[%clk 1:30:46]} 6. h4 {[%clk
1:32:43]} h6 {[%clk 1:30:44]} 7. Nf3 {[%clk 1:33:03]} Nd7 {[%clk 1:30:16]} 8. h5
{[%clk 1:33:23]} Bh7 {[%clk 1:30:29]} 9. Bd3 {[%clk 1:33:48]} Bxd3 {[%clk
1:30:15]} 10. Qxd3 {[%clk 1:34:13]} Ngf6 {[%clk 1:30:09]} 11. Bd2 {[%clk
1:34:38]} e6 {[%clk 1:29:28]} 12. O-O-O {[%clk 1:34:52]} Be7 {[%clk 1:29:05]} 13.
Kb1 {[%clk 1:34:54]} O-O {[%clk 1:27:51]} 14. Ne4 {[%clk 1:35:05]} Nxe4 {[%clk
1:22:47]} 15. Qxe4 {[%clk 1:35:22]} Nf6 {[%clk 1:23:09]} 16. Qe2 {[%clk 1:35:48]}
Qd5 {[%clk 1:18:14]} 17. Be3 {[%clk 1:36:11]} Ng4 {[%clk 1:06:30]} 18. Bc1 {[%clk
1:36:34]} Nf6 {[%clk 0:44:42]} 19. Ne5 {[%clk 1:36:42]} c5 {[%clk 0:35:33]} 20.
dxc5 {[%clk 1:26:34]} Qe4 {[%clk 0:25:04]} 21. Qxe4 {[%clk 1:24:45]} Nxe4 {[%clk
0:25:24]} 22. Rd7 {[%clk 1:24:13]} Bxc5 {[%clk 0:22:37]} 23. f3 {[%clk 1:21:00]}
Nf6 {[%clk 0:15:51]} 24. Rxb7 {[%clk 1:21:02]} Rab8 {[%clk 0:15:32]} 25. Rxb8
{[%clk 1:20:40]} Rxb8 {[%clk 0:15:56]} 26. c4 {[%clk 1:17:29]} Rc8 {[%clk
0:11:18]} 27. b3 {[%clk 1:16:24]} Bd4 {[%clk 0:09:56]} 28. Bb2 {[%clk 1:14:37]}
Bxb2 {[%clk 0:09:27]} 29. Kxb2 {[%clk 1:15:02]} a5 {[%clk 0:05:11]} 30. g4 {[%clk
1:14:40]} Kf8 {[%clk 0:05:07]} 31. Rd1 {[%clk 1:14:00]} Ke7 {[%clk 0:04:57]} 32.
a3 {[%clk 1:13:22]} Rc5 {[%clk 0:02:57]} 33. f4 {[%clk 1:12:40]} Rc7 {[%clk
0:02:50]} 34. b4 {[%clk 1:12:42]} axb4 {[%clk 0:02:59]} 35. axb4 {[%clk 1:13:09]}
Ne4 {[%clk 0:03:16]} 36. b5 {[%clk 1:10:21]} f6 {[%clk 0:01:12]} 37. Nc6+ {[%clk
1:09:14]} Kf7 {[%clk 0:01:19]} 38. Kb3 {[%clk 1:08:25]} Nf2 {[%clk 0:01:09]} 39.
Rd6 {[%clk 1:07:28]} 1-0

[Event "Greek Team Cup Final 8"]
[Site "chess24.com"]
[Date "2017.07.01"]
[Round "1"]
[White "Tzouganakis, Panteleimon"]
[Black "Gimnopoulos, Lazaros"]
[Result "1-0"]
[Board "4"]
[WhiteElo "2227"]
[WhiteCountry "GRE"]
[WhiteFideId "4215826"]
[WhiteEloChange "5"]
[BlackElo "2051"]
[BlackCountry "GRE"]
[BlackFideId "4201736"]
[BlackEloChange "-5"]

1. e4 {[%clk 1:30:56]} e6 {[%clk 1:30:37]} 2. d4 {[%clk 1:31:13]} d5 {[%clk
1:31:02]} 3. Nc3 {[%clk 1:31:38]} dxe4 {[%clk 1:29:29]} 4. Nxe4 {[%clk 1:31:59]}
Nd7 {[%clk 1:29:55]} 5. Nf3 {[%clk 1:31:45]} Ngf6 {[%clk 1:30:18]} 6. Bd3 {[%clk
1:28:47]} Nxe4 {[%clk 1:30:22]} 7. Bxe4 {[%clk 1:29:12]} Nf6 {[%clk 1:30:42]} 8.
Bd3 {[%clk 1:29:25]} a6 {[%clk 1:24:47]} 9. Qe2 {[%clk 1:20:12]} c5 {[%clk
1:22:33]} 10. dxc5 {[%clk 1:16:41]} Bxc5 {[%clk 1:20:10]} 11. Bg5 {[%clk
1:15:58]} h6 {[%clk 1:18:31]} 12. Bh4 {[%clk 1:15:28]} Qa5+ {[%clk 1:17:10]} 13.
c3 {[%clk 1:10:33]} Be7 {[%clk 1:12:33]} 14. Ne5 {[%clk 1:05:13]} Qc5 {[%clk
0:57:17]} 15. O-O-O {[%clk 0:53:22]} Nd5 {[%clk 0:51:29]} 16. Bxe7 {[%clk
0:45:41]} Qxe7 {[%clk 0:48:41]} 17. Bc2 {[%clk 0:38:58]} b5 {[%clk 0:43:53]} 18.
Rd4 {[%clk 0:30:13]} Bb7 {[%clk 0:40:07]} 19. f4 {[%clk 0:28:53]} O-O-O {[%clk
0:29:14]} 20. a4 {[%clk 0:27:28]} Nxc3 {[%clk 0:20:34]} 21. bxc3 {[%clk 0:27:12]}
Qa3+ {[%clk 0:20:51]} 22. Kd2 {[%clk 0:26:15]} Rxd4+ {[%clk 0:20:18]} 23. cxd4
{[%clk 0:26:44]} Rd8 {[%clk 0:18:46]} 24. Qd3 {[%clk 0:18:40]} Qd6 {[%clk
0:14:27]} 25. Rc1 {[%clk 0:12:32]} f6 {[%clk 0:14:01]} 26. Ng6 {[%clk 0:12:13]}
b4 {[%clk 0:13:00]} 27. Bd1+ {[%clk 0:10:23]} Kb8 {[%clk 0:13:15]} 28. Bf3 {[%clk
0:10:48]} Qd7 {[%clk 0:06:52]} 29. Ke3 {[%clk 0:07:16]} Bd5 {[%clk 0:03:02]} 30.
Bxd5 {[%clk 0:06:46]} Qxd5 {[%clk 0:03:22]} 31. Ne7 {[%clk 0:06:45]} Qxg2 {[%clk
0:02:41]} 32. Nc6+ {[%clk 0:07:05]} Kc7 {[%clk 0:03:03]} 33. Nxd8+ {[%clk
0:07:03]} Kxd8 {[%clk 0:03:26]} 34. Qe4 {[%clk 0:06:35]} 1-0

[Event "Greek Team Cup Final 8"]
[Site "chess24.com"]
[Date "2017.07.01"]
[Round "2"]
[White "Kalesis, Nikolaos"]
[Black "Papaioannou, Ioannis"]
[Result "0-1"]
[Board "1"]
[WhiteElo "2464"]
[WhiteTitle "IM"]
[WhiteCountry "GRE"]
[WhiteFideId "4200438"]
[WhiteEloChange "-3"]
[BlackElo "2636"]
[BlackTitle "GM"]
[BlackCountry "GRE"]
[BlackFideId "4201345"]
[BlackEloChange "3"]

1. d4 {[%clk 1:30:20]} Nf6 {[%clk 1:20:37]} 2. c4 {[%clk 1:30:04]} e6 {[%clk
1:20:51]} 3. Nf3 {[%clk 1:29:22]} Bb4+ {[%clk 1:20:17]} 4. Nbd2 {[%clk 1:29:44]}
b6 {[%clk 1:20:29]} 5. e3 {[%clk 1:29:44]} Bb7 {[%clk 1:20:30]} 6. Bd3 {[%clk
1:29:13]} c5 {[%clk 1:20:39]} 7. dxc5 {[%clk 1:28:03]} Bxc5 {[%clk 1:20:21]} 8.
a3 {[%clk 1:27:34]} O-O {[%clk 1:18:53]} 9. O-O {[%clk 1:24:27]} Be7 {[%clk
1:18:14]} 10. b3 {[%clk 1:21:52]} d6 {[%clk 1:18:15]} 11. Bb2 {[%clk 1:22:05]}
Nbd7 {[%clk 1:18:36]} 12. Rc1 {[%clk 1:21:18]} Re8 {[%clk 1:18:01]} 13. Nd4
{[%clk 1:20:37]} Bf8 {[%clk 1:17:22]} 14. Be2 {[%clk 1:19:41]} Qc7 {[%clk
1:14:25]} 15. Bf3 {[%clk 1:17:07]} Bxf3 {[%clk 1:13:55]} 16. Qxf3 {[%clk
1:16:46]} Rac8 {[%clk 1:14:07]} 17. Ne4 {[%clk 1:13:11]} Nxe4 {[%clk 1:11:10]}
18. Qxe4 {[%clk 1:11:31]} Nc5 {[%clk 1:11:13]} 19. Qc2 {[%clk 1:10:21]} Qb7
{[%clk 1:11:30]} 20. b4 {[%clk 1:02:50]} Nd7 {[%clk 1:11:34]} 21. Qe2 {[%clk
0:59:20]} g6 {[%clk 1:08:34]} 22. Rfd1 {[%clk 0:55:56]} a6 {[%clk 1:08:08]} 23.
h4 {[%clk 0:45:44]} e5 {[%clk 1:06:45]} 24. Nf3 {[%clk 0:40:28]} b5 {[%clk
1:02:56]} 25. Nd2 {[%clk 0:33:15]} Nf6 {[%clk 1:00:04]} 26. f3 {[%clk 0:28:37]}
h5 {[%clk 0:57:16]} 27. cxb5 {[%clk 0:25:55]} axb5 {[%clk 0:57:17]} 28. Nb1
{[%clk 0:23:16]} Rxc1 {[%clk 0:54:47]} 29. Rxc1 {[%clk 0:23:20]} Bh6 {[%clk
0:54:26]} 30. Nc3 {[%clk 0:21:38]} Qb6 {[%clk 0:48:09]} 31. Re1 {[%clk 0:21:16]}
Rc8 {[%clk 0:45:23]} 32. Qxb5 {[%clk 0:10:24]} Bxe3+ {[%clk 0:44:13]} 33. Kf1
{[%clk 0:10:49]} Qa7 {[%clk 0:43:07]} 34. Qd3 {[%clk 0:09:26]} Bg1 {[%clk
0:41:25]} 35. Nd1 {[%clk 0:07:43]} Bh2 {[%clk 0:41:05]} 36. Qe3 {[%clk 0:07:05]}
Qa4 {[%clk 0:39:47]} 37. Qd3 {[%clk 0:05:58]} Bg3 {[%clk 0:38:23]} 38. Re2 {[%clk
0:05:24]} d5 {[%clk 0:38:27]} 39. Ne3 {[%clk 0:03:14]} d4 {[%clk 0:37:28]} 40.
Rc2 {[%clk 0:32:16]} Rxc2 {[%clk 1:00:22]} 41. Qxc2 {[%clk 0:29:28]} Qd7 {[%clk
1:00:15]} 42. Nd1 {[%clk 0:28:27]} Nd5 {[%clk 0:59:33]} 43. Bc1 {[%clk 0:22:02]}
Bxh4 {[%clk 0:57:44]} 44. Qd3 {[%clk 0:19:22]} Bg3 {[%clk 0:57:49]} 45. Nf2
{[%clk 0:17:52]} Qc8 {[%clk 0:55:01]} 46. Bd2 {[%clk 0:17:47]} Bf4 {[%clk
0:54:01]} 47. Ne4 {[%clk 0:17:05]} h4 {[%clk 0:53:16]} 48. Qb3 {[%clk 0:15:18]}
h3 {[%clk 0:49:50]} 49. g4 {[%clk 0:12:40]} Nc3 {[%clk 0:43:32]} 50. Bxc3 {[%clk
0:09:47]} dxc3 {[%clk 0:43:58]} 51. Nxc3 {[%clk 0:10:07]} e4 {[%clk 0:43:23]} 52.
Ne2 {[%clk 0:09:32]} e3 {[%clk 0:42:33]} 53. b5 {[%clk 0:06:39]} Qd8 {[%clk
0:42:21]} 54. Qb1 {[%clk 0:03:08]} Qh4 {[%clk 0:42:20]} 0-1

[Event "Greek Team Cup Final 8"]
[Site "chess24.com"]
[Date "2017.07.01"]
[Round "2"]
[White "Saric, Ivan"]
[Black "Papahristoudis, Anastasios"]
[Result "1-0"]
[Board "2"]
[WhiteElo "2616"]
[WhiteTitle "GM"]
[WhiteCountry "CRO"]
[WhiteFideId "14508150"]
[WhiteEloChange "1"]
[BlackElo "2094"]
[BlackCountry "GRE"]
[BlackFideId "4210069"]
[BlackEloChange "-2"]

1. e4 {[%clk 1:30:59]} e5 {[%clk 1:30:48]} 2. Nf3 {[%clk 1:31:24]} Nc6 {[%clk
1:31:08]} 3. Bb5 {[%clk 1:31:30]} a6 {[%clk 1:31:27]} 4. Ba4 {[%clk 1:31:56]} Nf6
{[%clk 1:31:46]} 5. O-O {[%clk 1:32:20]} Nxe4 {[%clk 1:32:03]} 6. d4 {[%clk
1:32:34]} b5 {[%clk 1:31:57]} 7. Bb3 {[%clk 1:32:59]} d5 {[%clk 1:32:22]} 8. dxe5
{[%clk 1:33:23]} Be6 {[%clk 1:32:48]} 9. Nbd2 {[%clk 1:33:24]} Nc5 {[%clk
1:31:22]} 10. c3 {[%clk 1:33:45]} Be7 {[%clk 1:31:32]} 11. Bc2 {[%clk 1:34:08]}
d4 {[%clk 1:31:43]} 12. Nb3 {[%clk 1:33:00]} d3 {[%clk 1:30:50]} 13. Bb1 {[%clk
1:33:13]} Nxb3 {[%clk 1:26:24]} 14. axb3 {[%clk 1:33:37]} Bf5 {[%clk 1:26:41]}
15. Re1 {[%clk 1:33:09]} O-O {[%clk 1:24:30]} 16. h3 {[%clk 1:33:09]} Qd7 {[%clk
1:18:18]} 17. b4 {[%clk 1:27:23]} Bg6 {[%clk 1:15:19]} 18. Ba2 {[%clk 1:24:12]}
Kh8 {[%clk 1:05:47]} 19. Bf4 {[%clk 1:23:09]} a5 {[%clk 1:01:00]} 20. bxa5 {[%clk
1:21:48]} Nxa5 {[%clk 0:56:59]} 21. e6 {[%clk 1:18:58]} Qd8 {[%clk 0:53:45]} 22.
exf7 {[%clk 1:14:48]} Bxf7 {[%clk 0:46:17]} 23. Bxf7 {[%clk 1:15:08]} Rxf7 {[%clk
0:46:44]} 24. Bg3 {[%clk 1:15:13]} Bf6 {[%clk 0:46:32]} 25. Nd4 {[%clk 1:07:19]}
Bxd4 {[%clk 0:40:08]} 26. cxd4 {[%clk 1:07:41]} Rd7 {[%clk 0:34:44]} 27. Qxd3
{[%clk 1:06:38]} c6 {[%clk 0:30:50]} 28. Qe3 {[%clk 1:01:12]} h6 {[%clk 0:29:00]}
29. Qe6 {[%clk 1:00:13]} Rda7 {[%clk 0:21:16]} 30. b4 {[%clk 0:57:56]} Nc4 {[%clk
0:20:33]} 31. Rxa7 {[%clk 0:58:19]} Rxa7 {[%clk 0:20:59]} 32. Qxc6 {[%clk
0:58:39]} Qxd4 {[%clk 0:20:59]} 33. Qc8+ {[%clk 0:54:51]} Kh7 {[%clk 0:21:13]}
34. Qf5+ {[%clk 0:54:46]} g6 {[%clk 0:20:52]} 35. Qxb5 {[%clk 0:55:04]} Ra1
{[%clk 0:20:35]} 36. Rxa1 {[%clk 0:55:04]} Qxa1+ {[%clk 0:21:01]} 37. Kh2 {[%clk
0:55:31]} Qc1 {[%clk 0:20:33]} 38. Qd7+ {[%clk 0:54:35]} Kg8 {[%clk 0:20:08]} 39.
b5 {[%clk 0:53:49]} Nd2 {[%clk 0:19:11]} 40. Qe8+ {[%clk 1:24:11]} 1-0

[Event "Greek Team Cup Final 8"]
[Site "chess24.com"]
[Date "2017.07.01"]
[Round "2"]
[White "Mitsis, Georgios"]
[Black "Pavlidis, Antonios"]
[Result "0-1"]
[Board "3"]
[WhiteElo "2278"]
[WhiteCountry "GRE"]
[WhiteFideId "4295676"]
[WhiteEloChange "-4"]
[BlackElo "2540"]
[BlackTitle "GM"]
[BlackCountry "GRE"]
[BlackFideId "4212312"]
[BlackEloChange "2"]

1. d4 {[%clk 1:30:50]} Nf6 {[%clk 1:30:55]} 2. c4 {[%clk 1:31:02]} g6 {[%clk
1:31:20]} 3. f3 {[%clk 1:30:27]} Bg7 {[%clk 1:31:45]} 4. e4 {[%clk 1:30:51]} d6
{[%clk 1:32:11]} 5. Nc3 {[%clk 1:31:10]} O-O {[%clk 1:32:34]} 6. Be3 {[%clk
1:31:26]} Nc6 {[%clk 1:32:50]} 7. Qd2 {[%clk 1:29:59]} a6 {[%clk 1:32:48]} 8.
O-O-O {[%clk 1:28:27]} b5 {[%clk 1:27:08]} 9. cxb5 {[%clk 1:24:03]} axb5 {[%clk
1:27:14]} 10. Bxb5 {[%clk 1:23:59]} Bd7 {[%clk 1:27:35]} 11. Nge2 {[%clk
1:21:08]} Qb8 {[%clk 1:23:16]} 12. Kb1 {[%clk 1:17:06]} Qb7 {[%clk 1:20:07]} 13.
g4 {[%clk 1:11:08]} Na5 {[%clk 1:01:11]} 14. Bd3 {[%clk 1:08:34]} Rfb8 {[%clk
1:00:42]} 15. h4 {[%clk 0:57:29]} c6 {[%clk 0:36:24]} 16. h5 {[%clk 0:49:14]} Be6
{[%clk 0:32:38]} 17. Nc1 {[%clk 0:44:53]} Nd7 {[%clk 0:21:16]} 18. hxg6 {[%clk
0:43:43]} fxg6 {[%clk 0:20:37]} 19. Qc2 {[%clk 0:32:39]} Nb6 {[%clk 0:10:44]} 20.
Bg1 {[%clk 0:26:16]} Nbc4 {[%clk 0:08:56]} 21. Bxc4 {[%clk 0:26:13]} Nxc4 {[%clk
0:09:24]} 22. Nb3 {[%clk 0:19:04]} Rxa2 {[%clk 0:09:39]} 23. Kxa2 {[%clk
0:19:03]} Na3 {[%clk 0:04:16]} 0-1

[Event "Greek Team Cup Final 8"]
[Site "chess24.com"]
[Date "2017.07.01"]
[Round "2"]
[White "Ioannidis, Evgenios"]
[Black "Kotronias, Vasilios"]
[Result "0-1"]
[Board "4"]
[WhiteElo "2388"]
[WhiteTitle "FM"]
[WhiteCountry "GRE"]
[WhiteFideId "4229274"]
[WhiteEloChange "-7"]
[BlackElo "2500"]
[BlackTitle "GM"]
[BlackCountry "GRE"]
[BlackFideId "5900212"]
[BlackEloChange "3"]

1. d4 {[%clk 1:30:30]} d5 {[%clk 1:30:54]} 2. Nf3 {[%clk 1:29:50]} Nc6 {[%clk
1:31:20]} 3. Bf4 {[%clk 1:25:47]} Bg4 {[%clk 1:31:42]} 4. e3 {[%clk 1:23:51]} e6
{[%clk 1:32:04]} 5. h3 {[%clk 1:19:07]} Bh5 {[%clk 1:32:09]} 6. Bd3 {[%clk
1:09:01]} Bd6 {[%clk 1:32:11]} 7. c3 {[%clk 1:07:00]} Nf6 {[%clk 1:29:46]} 8.
Nbd2 {[%clk 1:06:21]} Bg6 {[%clk 1:20:11]} 9. Qc2 {[%clk 1:01:37]} Bxd3 {[%clk
1:10:51]} 10. Qxd3 {[%clk 1:02:00]} h6 {[%clk 1:11:20]} 11. Bxd6 {[%clk 0:51:51]}
cxd6 {[%clk 1:11:34]} 12. c4 {[%clk 0:50:03]} O-O {[%clk 1:04:53]} 13. O-O {[%clk
0:49:27]} Rc8 {[%clk 1:02:20]} 14. Rfc1 {[%clk 0:44:59]} dxc4 {[%clk 0:58:57]}
15. Nxc4 {[%clk 0:40:47]} b5 {[%clk 0:58:39]} 16. Ncd2 {[%clk 0:40:04]} Qb6
{[%clk 0:59:02]} 17. a4 {[%clk 0:35:29]} a6 {[%clk 0:59:28]} 18. axb5 {[%clk
0:32:52]} axb5 {[%clk 0:59:22]} 19. Ne4 {[%clk 0:24:57]} Nxe4 {[%clk 0:59:11]}
20. Qxe4 {[%clk 0:25:23]} Nb4 {[%clk 0:52:43]} 21. Qb1 {[%clk 0:09:56]} Qb7
{[%clk 0:43:39]} 22. Ra3 {[%clk 0:08:15]} Nd5 {[%clk 0:43:48]} 23. Kh2 {[%clk
0:05:37]} b4 {[%clk 0:41:54]} 24. Ra5 {[%clk 0:05:37]} Qb6 {[%clk 0:41:13]} 25.
Rxc8 {[%clk 0:05:28]} Rxc8 {[%clk 0:41:37]} 26. Qa1 {[%clk 0:05:52]} Qc6 {[%clk
0:41:18]} 27. Ne1 {[%clk 0:05:52]} Qc4 {[%clk 0:36:57]} 28. Qd1 {[%clk 0:02:59]}
Qc1 {[%clk 0:27:22]} 29. Qe2 {[%clk 0:02:14]} Qb1 {[%clk 0:27:34]} 30. Ra7 {[%clk
0:01:42]} Rc1 {[%clk 0:25:02]} 31. Nd3 {[%clk 0:01:55]} Rh1+ {[%clk 0:23:54]} 32.
Kg3 {[%clk 0:02:22]} Nf6 {[%clk 0:22:31]} 33. e4 {[%clk 0:00:54]} Rd1 {[%clk
0:22:13]} 34. Nxb4 {[%clk 0:00:38]} Nxe4+ {[%clk 0:21:33]} 35. Kf3 {[%clk
0:00:47]} Nd2+ {[%clk 0:20:13]} 0-1